Interval of engine oils replacement in passenger cars

Bibliographic Details
Main Authors: Milorad M. Djukic (Author), Mitrovic, Djordje (Author), Dugic, Pero (Author)
Format: Article
Language:English

MARC

LEADER 00000naa a2200000uu 4500
001 vtls011074049
003 SK-MaSNL
005 20260302111250.0
008 210908|2002 xo |||||||||||||||||eng|
015 |a SNBRA 
035 |a (urnnbn)urn:nbn:sk:snk:ar-a0ccxv 
035 |a (uuid)6ad1d7e8-0c24-43e1-afa5-dab7ecf69ee0 
035 |a urn:nbn:sk:snk-aavj5m 
040 |a SNKBUCL  |b slo  |c SNKBUCL  |e AACR2 
041 0 |a eng 
044 |a xo  |c SK 
100 1 |a Milorad M. Djukic  |4 aut  |9 788491 
245 1 0 |a Interval of engine oils replacement in passenger cars  |c Milorad M. Djukic, Djordje Mitrovic, Pero Dugic 
700 1 |a Mitrovic, Djordje  |4 aut  |9 788492 
700 1 |a Dugic, Pero  |4 aut  |9 788493 
773 0 |t Intertribo 2002  |d Bratislava : Dom techniky ZSVTS, 2002  |g S. 127-130  |z 8023304763 
958 |a OND 
958 |a article12 
958 |a chapter 
999 |c 1246921  |d 1248851